000 00303nam a22001337a 4500
008 170526b xxu||||| |||| 00| 0 eng d
020 _a0070107858
041 _aeng
080 _a621
100 _a25
101 _aIM
245 _aMACHINE DEVICES AND INSTRUMENTATION
_cCHIRONIS,N.P
942 _2udc
_cBK
999 _c14316
_d14316